[Event "Bled op 16th"]
[Site "Bled"]
[Date "1995.??.??"]
[Round "4"]
[White "Jelen, Iztok"]
[Black "Kovacevic, Blazimir"]
[Result "1-0"]
[WhiteElo "2420"]
[BlackElo "2295"]
[PlyCount "85"]
[EventDate "1995.03.??"]
[EventType "swiss"]
[EventRounds "9"]
[EventCountry "SLO"]
[SourceTitle "EXT 1998"]
[Source "ChessBase"]
[SourceDate "1997.11.17"]
[SourceVersion "1"]
[SourceVersionDate "1997.11.17"]
[SourceQuality "1"]

1. d4 e6 2. c4 f5 3. g3 Nf6 4. Bg2 c6 5. Nf3 d5 6. 0-0 Bd6 7. b3 Qe7 8. Bb2 0-0 9. Qc1 b6 10. Ba3 c5 11. Nc3 Nbd7 12. Rd1 Bb7 13. cxd5 exd5 14. Nh4 Ne4 15. Nxd5 Qf7 16. dxc5 Ndxc5 17. Nc3 Be5 18. Bb2 Rac8 19. Nxe4 Bxb2 20. Qxb2 fxe4 21. f4 Rfd8 22. Bh3 Rb8 23. b4 Na4 24. Qe5 Qf6 25. Be6+ Kf8 26. Qxf6+ gxf6 27. Kf2 Nc3 28. Rxd8+ Rxd8 29. Rc1 Nd5 30. Nf5 Re8 31. Bxd5 Bxd5 32. Rc7 Bxa2 33. Rxa7 Be6 34. Nd6 Rd8 35. Nxe4 Rd4 36. Nxf6 Rxb4 37. Nxh7+ Ke8 38. h4 Rb2 39. Nf6+ Kf8 40. h5 Bc4 41. h6 Rxe2+ 42. Kg1 Re1+ 43. Kg2 1-0

[Event "SLO-chT"]
[Site "Slovenia"]
[Date "1995.??.??"]
[Round "4"]
[White "Osmanbegovic, Suad"]
[Black "Jelen, Iztok"]
[Result "1/2-1/2"]
[WhiteElo "2305"]
[BlackElo "2415"]
[PlyCount "35"]
[EventDate "1995.??.??"]
[EventType "team"]
[EventRounds "7"]
[EventCountry "SLO"]
[SourceTitle "EXT 1998"]
[Source "ChessBase"]
[SourceDate "1997.11.17"]
[SourceVersion "1"]
[SourceVersionDate "1997.11.17"]
[SourceQuality "1"]

1. d4 Nf6 2. c4 e6 3. Nf3 b6 4. g3 Ba6 5. b3 Bb4+ 6. Bd2 Bxd2+ 7. Nbxd2 d5 8. Bg2 0-0 9. 0-0 c5 10. dxc5 bxc5 11. Qc2 Qd6 12. e4 Nbd7 13. Rfe1 Nxe4 14. Nxe4 dxe4 15. Rad1 Qc7 16. Ng5 Bb7 17. Nxe4 Rad8 18. Ng5 1/2-1/2

[Event "Bled op 16th"]
[Site "Bled"]
[Date "1995.??.??"]
[Round "7"]
[White "Sprotte, Norbert"]
[Black "Jelen, Iztok"]
[Result "1/2-1/2"]
[WhiteElo "2225"]
[BlackElo "2420"]
[PlyCount "31"]
[EventDate "1995.03.??"]
[EventType "swiss"]
[EventRounds "9"]
[EventCountry "SLO"]
[SourceTitle "EXT 1998"]
[Source "ChessBase"]
[SourceDate "1997.11.17"]
[SourceVersion "1"]
[SourceVersionDate "1997.11.17"]
[SourceQuality "1"]

1. d4 Nf6 2. Nf3 e6 3. c4 b6 4. e3 Bb7 5. Bd3 d5 6. b3 Bd6 7. 0-0 0-0 8. Bb2 Nbd7 9. Nbd2 Ne4 10. Ne5 Bxe5 11. dxe5 Ndc5 12. Nxe4 dxe4 13. Be2 Nd3 14. Bxd3 exd3 15. f3 Re8 16. Rc1 1/2-1/2

[Event "SLO-chT"]
[Site "Slovenia"]
[Date "1995.??.??"]
[Round "7"]
[White "Supancic, Darko"]
[Black "Jelen, Iztok"]
[Result "1/2-1/2"]
[WhiteElo "2405"]
[BlackElo "2415"]
[PlyCount "25"]
[EventDate "1995.??.??"]
[EventType "team"]
[EventRounds "7"]
[EventCountry "SLO"]
[SourceTitle "EXT 1998"]
[Source "ChessBase"]
[SourceDate "1997.11.17"]
[SourceVersion "1"]
[SourceVersionDate "1997.11.17"]
[SourceQuality "1"]

1. Nf3 c5 2. g3 g6 3. Bg2 Bg7 4. 0-0 Nc6 5. c4 e6 6. Nc3 Nge7 7. e3 0-0 8. d4 cxd4 9. Nxd4 d5 10. cxd5 Nxd4 11. exd4 Nxd5 12. Nxd5 exd5 13. Be3 1/2-1/2

[Event "Maribor Pirc Memorial"]
[Site "Maribor"]
[Date "1994.??.??"]
[Round "9"]
[White "Barle, Janez"]
[Black "Jelen, Iztok"]
[Result "1/2-1/2"]
[WhiteElo "2440"]
[BlackElo "2385"]
[PlyCount "115"]
[EventDate "1994.02.??"]
[EventType "tourn"]
[EventRounds "11"]
[EventCountry "SLO"]
[EventCategory "9"]
[SourceTitle "CBM 040"]
[Source "ChessBase"]
[SourceDate "1994.06.01"]
[SourceVersion "1"]
[SourceVersionDate "1994.06.01"]
[SourceQuality "1"]

1. e4 c5 2. Nf3 Nc6 3. Bb5 g6 4. 0-0 Bg7 5. Re1 Nf6 6. c3 0-0 7. d4 cxd4 8. cxd4 d5 9. e5 Ne4 10. Nc3 Bf5 11. Nh4 Bd7 12. Bd3 f5 13. exf6 Bxf6 14. Nxe4 dxe4 15. Rxe4 e5 16. Bc4+ Kh8 17. Bh6 Re8 18. Nf3 Bf5 19. Nxe5 Nxe5 20. Rxe5 Rxe5 21. dxe5 Bxe5 22. Qe2 Qd4 23. Re1 Re8 24. Be3 Qe4 25. Bg5 Bd4 26. Qxe4 Rxe4 27. Rxe4 Bxe4 28. Be3 Bxb2 29. Bxa7 Kg7 30. f3 Bc6 31. Kf2 Kf6 32. f4 Kf5 33. g3 Be4 34. Ke3 Bc1+ 35. Ke2 h5 36. Bd4 h4 37. Kf2 hxg3+ 38. hxg3 Kg4 39. Be6+ Bf5 40. Bd5 b5 41. Bc5 Kh3 42. Bg2+ Kg4 43. Bf3+ Kh3 44. Be2 Bd7 45. Bd3 Be8 46. Be4 Bf7 47. Kf3 Bxa2 48. Bxg6 Bd5+ 49. Kf2 Kg4 50. Bd6 b4 51. Bc2 b3 52. Bd1+ Kh3 53. Be5 b2 54. Bc2 Ba2 55. Bf5+ Kh2 56. g4 b1Q 57. Bxb1 Bxb1 58. Kf3 1/2-1/2

[Event "SLO-ch sf"]
[Site "Slovenia"]
[Date "1994.??.??"]
[Round "?"]
[White "Jelen, Iztok"]
[Black "Cepon, Dusan"]
[Result "1-0"]
[WhiteElo "2380"]
[BlackElo "2195"]
[PlyCount "61"]
[EventDate "1994.??.??"]
[EventType "swiss"]
[EventRounds "9"]
[EventCountry "SLO"]
[SourceTitle "EXT 1997"]
[Source "ChessBase"]
[SourceDate "1996.11.15"]
[SourceVersion "1"]
[SourceVersionDate "1996.11.15"]
[SourceQuality "1"]

1. d4 d5 2. c4 c6 3. Nc3 Nf6 4. e3 dxc4 5. Bxc4 e6 6. Nf3 Be7 7. 0-0 0-0 8. Qe2 Nbd7 9. Rd1 Qc7 10. e4 b5 11. Bb3 b4 12. Na4 e5 13. Bg5 h6 14. Bh4 Qa5 15. Bg3 Ba6 16. Qc2 Bd6 17. dxe5 Bxe5 18. Nxe5 Nxe5 19. Qc5 Nc4 20. Rd4 Rad8 21. Rxc4 Qxc5 22. Rxc5 Nxe4 23. Rxc6 Bb5 24. Rc7 Rd2 25. Nc5 Nxg3 26. hxg3 Rxb2 27. Rxa7 Rd8 28. Bxf7+ Kh7 29. Ne6 Rc8 30. Nf4 h5 31. Bxh5 1-0

[Event "SLO-ch"]
[Site "Nova Gorica"]
[Date "1994.??.??"]
[Round "?"]
[White "Jelen, Iztok"]
[Black "Jazbinsek, Sebastjan"]
[Result "1/2-1/2"]
[WhiteElo "2400"]
[BlackElo "2210"]
[PlyCount "64"]
[EventDate "1994.??.??"]
[EventType "tourn"]
[EventRounds "11"]
[EventCountry "SLO"]
[SourceTitle "EXT 1998"]
[Source "ChessBase"]
[SourceDate "1997.11.17"]
[SourceVersion "1"]
[SourceVersionDate "1997.11.17"]
[SourceQuality "1"]

1. d4 Nf6 2. c4 e6 3. Nf3 b6 4. a3 Bb7 5. Nc3 Ne4 6. Nxe4 Bxe4 7. e3 Be7 8. Bd3 Bxd3 9. Qxd3 0-0 10. 0-0 d6 11. e4 Nd7 12. b4 Bf6 13. Be3 Qe7 14. Rac1 Rfd8 15. Qc3 g6 16. e5 Bg7 17. Bg5 f6 18. exf6 Bxf6 19. Qe3 Re8 20. Rfe1 e5 21. d5 a5 22. Re2 axb4 23. axb4 Ra4 24. Bxf6 Qxf6 25. Ng5 Rxb4 26. Nxh7 Kxh7 27. Qh3+ Kg7 28. Qxd7+ Re7 29. Qh3 Qf4 30. Rec2 Ra4 31. Qd3 Rf7 32. h3 Rf8 1/2-1/2

[Event "SLO-ch sf"]
[Site "Slovenia"]
[Date "1994.??.??"]
[Round "?"]
[White "Jelen, Iztok"]
[Black "Slak, Marjan"]
[Result "1/2-1/2"]
[WhiteElo "2380"]
[BlackElo "2225"]
[PlyCount "125"]
[EventDate "1994.??.??"]
[EventType "swiss"]
[EventRounds "9"]
[EventCountry "SLO"]
[SourceTitle "EXT 1997"]
[Source "ChessBase"]
[SourceDate "1996.11.15"]
[SourceVersion "1"]
[SourceVersionDate "1996.11.15"]
[SourceQuality "1"]

1. d4 Nf6 2. c4 c5 3. d5 d6 4. Nc3 g6 5. e4 Bg7 6. Bd3 0-0 7. h3 Na6 8. Nf3 Nc7 9. 0-0 a6 10. a4 b6 11. Rb1 Rb8 12. e5 Nfe8 13. Re1 e6 14. Bg5 Qd7 15. Bf4 Bb7 16. Be4 f5 17. exd6 fxe4 18. dxc7 Nxc7 19. Rxe4 exd5 20. Nxd5 Bxd5 21. cxd5 Rbe8 22. Rxe8 Nxe8 23. Bg3 Nd6 24. Qb3 b5 25. axb5 Qxb5 26. Qxb5 Nxb5 27. Rc1 Bxb2 28. Rxc5 Rd8 29. Bh4 Rd6 30. Ng5 Bf6 31. g3 Nc3 32. Rc6 Rxc6 33. dxc6 Nb5 34. Ne6 Bxh4 35. gxh4 a5 36. c7 Na7 37. Nd4 a4 38. Nb5 Nc8 39. Kg2 Kf7 40. Kf3 Ke6 41. Ke4 Nb6 42. Kd4 Kd7 43. Kc5 Na8 44. Kb4 Nxc7 45. Kxa4 Nd5 46. Kb3 Ke6 47. Kc4 Nf4 48. Kd4 Nxh3 49. Ke3 Kf5 50. Kf3 Ng1+ 51. Kg2 Ne2 52. Kf3 Nc1 53. Nd6+ Ke5 54. Nf7+ Kf6 55. Ng5 h6 56. Ne4+ Ke5 57. Nd2 Nd3 58. Nc4+ Kf6 59. Ne3 Ke6 60. h5 gxh5 61. Kg3 Kf6 62. Kh4 Kg6 63. Nd5 1/2-1/2

[Event "Bled op 15th"]
[Site "Bled"]
[Date "1994.??.??"]
[Round "?"]
[White "Jelen, Iztok"]
[Black "Sveshnikov, Evgeny"]
[Result "1/2-1/2"]
[WhiteElo "2380"]
[BlackElo "2585"]
[PlyCount "46"]
[EventDate "1994.03.??"]
[EventType "swiss"]
[EventRounds "9"]
[EventCountry "SLO"]
[SourceTitle "TD"]
[Source "ChessBase"]
[SourceDate "1994.03.01"]
[SourceVersion "1"]
[SourceVersionDate "1994.03.01"]
[SourceQuality "1"]

1. d4 d5 2. c4 e6 3. Nc3 c6 4. e3 Nd7 5. Nf3 f5 6. Bd3 Bd6 7. cxd5 cxd5 8. Bd2 a6 9. Qb3 Ngf6 10. Ne2 Qe7 11. a3 a5 12. Nc3 0-0 13. Nb5 Ne4 14. Nxd6 Qxd6 15. 0-0 e5 16. Be2 Nxd2 17. Nxd2 e4 18. f3 Nf6 19. fxe4 fxe4 20. Rf4 Be6 21. Raf1 a4 22. Qa2 Rac8 23. Nb1 Rc2 1/2-1/2

[Event "SLO-ch"]
[Site "Nova Gorica"]
[Date "1994.??.??"]
[Round "?"]
[White "Jelen, Iztok"]
[Black "Tratar, Marko"]
[Result "1/2-1/2"]
[WhiteElo "2400"]
[BlackElo "2365"]
[PlyCount "52"]
[EventDate "1994.??.??"]
[EventType "tourn"]
[EventRounds "11"]
[EventCountry "SLO"]
[SourceTitle "EXT 1998"]
[Source "ChessBase"]
[SourceDate "1997.11.17"]
[SourceVersion "1"]
[SourceVersionDate "1997.11.17"]
[SourceQuality "1"]

1. d4 Nf6 2. c4 g6 3. Nc3 Bg7 4. e4 d6 5. Nf3 0-0 6. Be2 e5 7. 0-0 Nc6 8. Be3 Re8 9. dxe5 dxe5 10. h3 Be6 11. c5 Nh5 12. Ng5 Nf4 13. Nxe6 Nxe6 14. Bb5 Rf8 15. Bxc6 bxc6 16. Qa4 Qe8 17. Rad1 f5 18. exf5 gxf5 19. f3 Kh8 20. Kh1 Rg8 21. Rd2 Bf6 22. Qc4 Bg5 23. Bxg5 Rxg5 24. Qe2 Nf4 25. Qe3 Rg7 26. Re1 Re7 1/2-1/2

[Event "Ljubljana op 5th"]
[Site "Ljubljana"]
[Date "1994.??.??"]
[Round "?"]
[White "Krmelj, Natasa"]
[Black "Jelen, Iztok"]
[Result "0-1"]
[WhiteElo "2020"]
[BlackElo "2380"]
[PlyCount "86"]
[EventDate "1994.06.??"]
[EventType "swiss"]
[EventRounds "9"]
[EventCountry "SLO"]
[SourceTitle "TD"]
[Source "ChessBase"]
[SourceDate "1994.03.01"]
[SourceVersion "1"]
[SourceVersionDate "1994.03.01"]
[SourceQuality "1"]

1. d4 Nf6 2. c4 e6 3. Nc3 Bb4 4. f3 d5 5. a3 Bxc3+ 6. bxc3 c5 7. e3 0-0 8. Bd2 Nc6 9. Bd3 dxc4 10. Bxc4 e5 11. dxe5 Nxe5 12. Be2 Nd3+ 13. Bxd3 Qxd3 14. Ne2 Rd8 15. Nf4 Qc4 16. Qe2 Qa4 17. 0-0 b6 18. Qf2 Ba6 19. Rfc1 Nd7 20. e4 Ne5 21. Nd5 Nd3 22. Qg3 Nxc1 23. Rxc1 Kh8 24. Bh6 Rg8 25. Ne7 f6 26. Nxg8 Rxg8 27. Qd6 Bc4 28. Bf4 Qxa3 29. e5 fxe5 30. Qxe5 Qa4 31. Re1 Qc6 32. Qe7 a5 33. Be5 Bd5 34. Rd1 a4 35. c4 Bxc4 36. Rd6 Qb5 37. Rd8 Qb1+ 38. Kf2 Qc2+ 39. Ke3 Qg6 40. Rd6 Qxg2 41. Qh4 Qe2+ 42. Kf4 Rf8+ 43. Kg5 Qxe5+ 0-1

[Event "Maribor Pirc Memorial"]
[Site "Maribor"]
[Date "1994.??.??"]
[Round "5"]
[White "Osmanbegovic, Suad"]
[Black "Jelen, Iztok"]
[Result "1/2-1/2"]
[WhiteElo "2360"]
[BlackElo "2385"]
[PlyCount "122"]
[EventDate "1994.02.??"]
[EventType "tourn"]
[EventRounds "11"]
[EventCountry "SLO"]
[EventCategory "9"]
[SourceTitle "CBM 040"]
[Source "ChessBase"]
[SourceDate "1994.06.01"]
[SourceVersion "1"]
[SourceVersionDate "1994.06.01"]
[SourceQuality "1"]

1. d4 d5 2. Nf3 c5 3. c4 e6 4. cxd5 exd5 5. g3 Nc6 6. Bg2 Nf6 7. 0-0 Be7 8. dxc5 Bxc5 9. b3 0-0 10. Nc3 Bg4 11. Bb2 Re8 12. Rc1 Bb6 13. Na4 d4 14. Nxb6 Qxb6 15. h3 Bxf3 16. Bxf3 Rad8 17. Qd2 Qa6 18. Ba1 h6 19. Rfd1 Ne4 20. Qd3 Qxd3 21. Rxd3 Ng5 22. Bxc6 bxc6 23. h4 Ne6 24. Rxc6 Rd5 25. Rc2 f5 26. Rcd2 Red8 27. Kf1 Kf7 28. Rd1 Ra5 29. R3d2 Rd6 30. Bxd4 Nxd4 31. Rxd4 Rxd4 32. Rxd4 Rxa2 33. Rd7+ Kf6 34. Rb7 a5 35. Rb6+ Kf7 36. Ra6 Ra3 37. Rb6 a4 38. bxa4 Rxa4 39. h5 Rg4 40. Rb5 Kf6 41. Kg2 Rd4 42. e3 Ra4 43. Rb6+ Kg5 44. Rg6+ Kxh5 45. Rxg7 Ra2 46. Rg8 Rb2 47. Kf1 Ra2 48. Ke1 Rb2 49. Rg7 Ra2 50. Kf1 Rb2 51. Kg2 Ra2 52. Kf3 Rb2 53. Rg8 Ra2 54. Rg7 Rb2 55. Rg8 Ra2 56. Kg2 Rb2 57. Kg1 Rc2 58. Kf1 Ra2 59. Rg7 Rb2 60. Kg1 Rc2 61. Kg2 Ra2 1/2-1/2

[Event "SLO-ch"]
[Site "Slovenia"]
[Date "1993.??.??"]
[Round "?"]
[White "Ivacic, Vladimir"]
[Black "Jelen, Iztok"]
[Result "1-0"]
[WhiteElo "2295"]
[BlackElo "2390"]
[PlyCount "119"]
[EventDate "1993.??.??"]
[EventType "tourn"]
[EventRounds "13"]
[EventCountry "SLO"]
[EventCategory "5"]
[SourceTitle "TD"]
[Source "ChessBase"]
[SourceDate "1994.03.01"]
[SourceVersion "1"]
[SourceVersionDate "1994.03.01"]
[SourceQuality "1"]

1. c4 e6 2. g3 d5 3. Nf3 dxc4 4. Bg2 Nd7 5. Qa4 a6 6. Qxc4 b5 7. Qc2 Bb7 8. 0-0 Ngf6 9. b3 c5 10. Bb2 Be7 11. Nc3 0-0 12. Rac1 Rc8 13. Qb1 c4 14. bxc4 Rxc4 15. d3 Rc8 16. Ba1 Ba3 17. Rc2 b4 18. Nd1 Rxc2 19. Qxc2 Qc8 20. Qd2 Nd5 21. e4 N5b6 22. Nb2 Qc3 23. Qe2 Qc7 24. Rb1 Rc8 25. Ne1 e5 26. Bh3 a5 27. Nd1 Rd8 28. Ne3 Nc5 29. N3c2 Ba6 30. Nxa3 bxa3 31. Rc1 Qd6 32. Qh5 Nbd7 33. Bf1 Na4 34. Nf3 g6 35. Qh4 Re8 36. d4 Bxf1 37. dxe5 Qd3 38. Ng5 Nf8 39. Rxf1 Nb2 40. Qf4 Qd7 41. Qe3 Qe7 42. f4 Ne6 43. Nxe6 fxe6 44. Qb6 Nc4 45. Qd4 Qc7 46. Rd1 Rb8 47. Bc3 Nb2 48. Qd6 Qxd6 49. Rxd6 Rc8 50. Bxa5 Rc1+ 51. Kg2 Nc4 52. Rd8+ Kf7 53. Rd7+ Ke8 54. Rc7 Rc2+ 55. Kh3 h5 56. Bb4 Kd8 57. Bd6 Ke8 58. f5 gxf5 59. exf5 exf5 60. e6 1-0

[Event "SLO-chT"]
[Site "Slovenia"]
[Date "1993.??.??"]
[Round "?"]
[White "Jelen, Iztok"]
[Black "Cigan, Stefan"]
[Result "1-0"]
[WhiteElo "2390"]
[BlackElo "2365"]
[PlyCount "81"]
[EventDate "1993.??.??"]
[EventType "team"]
[EventRounds "7"]
[EventCountry "SLO"]
[SourceTitle "TD"]
[Source "ChessBase"]
[SourceDate "1994.03.01"]
[SourceVersion "1"]
[SourceVersionDate "1994.03.01"]
[SourceQuality "1"]

1. d4 Nf6 2. c4 g6 3. Nc3 Bg7 4. e4 d6 5. Nf3 0-0 6. Be2 e5 7. 0-0 Nc6 8. Be3 Ng4 9. Bg5 f6 10. Bc1 Nh6 11. dxe5 dxe5 12. Qd5+ Kh8 13. Be3 Qe8 14. Rfd1 Be6 15. Qb5 Rb8 16. Qa4 f5 17. Bc5 Rg8 18. Nb5 fxe4 19. Ng5 Bf5 20. Nxc7 Qc8 21. Nb5 Rd8 22. Nxa7 Nxa7 23. Qxa7 Re8 24. Bd6 Ra8 25. Qe3 Ng4 26. Bxg4 Bxg4 27. Rdc1 Bf5 28. c5 Qc6 29. Nf7+ Kg8 30. Nh6+ Kh8 31. Nf7+ Kg8 32. Nh6+ Kh8 33. Qg5 Qd5 34. Nxf5 gxf5 35. Qxf5 e3 36. fxe3 Rxa2 37. Rxa2 Qxa2 38. Qd7 Rg8 39. Qxb7 Qa4 40. Qd5 Qe8 41. c6 1-0

[Event "Groningen op"]
[Site "Groningen"]
[Date "1993.??.??"]
[Round "1"]
[White "Jelen, Iztok"]
[Black "Gofshtein, Leonid D"]
[Result "1/2-1/2"]
[WhiteElo "2390"]
[BlackElo "2540"]
[PlyCount "109"]
[EventDate "1993.12.??"]
[EventType "swiss"]
[EventRounds "11"]
[EventCountry "NED"]
[SourceTitle "CBM 038 Extra"]
[Source "ChessBase"]
[SourceDate "1994.03.01"]
[SourceVersion "1"]
[SourceVersionDate "1994.03.01"]
[SourceQuality "1"]

1. d4 Nf6 2. c4 e6 3. Nc3 Bb4 4. e3 d5 5. a3 Bxc3+ 6. bxc3 c5 7. cxd5 exd5 8. Bd3 Nc6 9. Ne2 0-0 10. 0-0 Bg4 11. f3 Bh5 12. Ra2 Bg6 13. Ng3 Qa5 14. Bxg6 hxg6 15. Qd3 Qa4 16. Re2 Rac8 17. Bb2 Qb3 18. Qd1 Qb6 19. e4 cxd4 20. cxd4 dxe4 21. fxe4 Rfd8 22. Rd2 Ne5 23. Ba1 Nc4 24. Rd3 Re8 25. Rb3 Qe6 26. d5 Qd6 27. Bxf6 gxf6 28. Qd4 b6 29. Rxf6 Qc5 30. Qxc5 Rxc5 31. Rc3 Rec8 32. Kf2 Ne5 33. Rxc5 Rxc5 34. Rd6 Kf8 35. Rd8+ Ke7 36. Rb8 Ra5 37. Ne2 Rxa3 38. Rb7+ Kd6 39. Nd4 Ra2+ 40. Ke3 Rxg2 41. Nb5+ Kc5 42. Nxa7 Rb2 43. Rc7+ Kd6 44. Rc3 g5 45. h3 f6 46. Kd4 Rb4+ 47. Ke3 Nc4+ 48. Kd3 Ne5+ 49. Ke3 Rc4 50. Rxc4 Nxc4+ 51. Kd4 Ne5 52. Nc8+ Kc7 53. Ne7 Nd7 54. Nf5 b5 55. h4 1/2-1/2

[Event "SLO-ch"]
[Site "Slovenia"]
[Date "1993.??.??"]
[Round "?"]
[White "Jelen, Iztok"]
[Black "Gostisa, Leon F"]
[Result "1/2-1/2"]
[WhiteElo "2390"]
[BlackElo "2470"]
[PlyCount "31"]
[EventDate "1993.??.??"]
[EventType "tourn"]
[EventRounds "13"]
[EventCountry "SLO"]
[EventCategory "5"]
[SourceTitle "TD"]
[Source "ChessBase"]
[SourceDate "1994.03.01"]
[SourceVersion "1"]
[SourceVersionDate "1994.03.01"]
[SourceQuality "1"]

1. d4 Nf6 2. c4 g6 3. Nc3 Bg7 4. e4 d6 5. Nf3 0-0 6. Be2 c5 7. 0-0 cxd4 8. Nxd4 Nc6 9. Be3 Bd7 10. Qd2 Nxd4 11. Bxd4 Bc6 12. f3 Nd7 13. b4 Bxd4+ 14. Qxd4 Qb6 15. Qxb6 Nxb6 16. a3 1/2-1/2